Biblioteka Instytutu Północnego w Olsztynie

Widok standardowy Widok MARC

Pozycja Topical Term

Liczba rekordów, w których użyto hasła: 1

001 - Numer kontrolny

  • control field: 39629

003 - Identyfikator numeru kontrolnego

  • control field: NUKAT

005 - Data i czas ostatniej modyfikacji

  • control field: 20260408115545.0

008 - Dane kontrolne kodowane (40 znaków)

  • fixed length control field: 090721n||azznnbabn |a ana |

010 ## - Numer kontrolny Biblioteki Kongresu

  • numer kontrolny LC: p 2009033904

035 ## - Numer systemowy

  • numer systemowy: a23173506

035 ## - Numer systemowy

  • numer systemowy: (PL)a0000002317350

040 ## - Instytucja sporządzająca rekord

  • inst. przygot. dane do rek. khw: WA N
  • język haseł przedmiotowych/tezaurus: DBN
  • inst. wprow. rek. khw: WA N

072 ## - Kod kategorii przedmiotu

  • kod kategorii przedmiotu: 9

150 ## - Hasło - nazwa pospolita

  • nazwa posp. lub nazwa geogr. na pocz.: Gruzini

450 ## - Trop zob. - nazwa pospolita

  • nazwa posp. lub nazwa geogr. na pocz.: Gruzini za granicą

550 ## - Trop zob. też - nazwa pospolita

  • nazwa posp. lub nazwa geogr. na pocz.: Pismo gruzińskie

550 ## - Trop zob. też - nazwa pospolita

  • podpole kontrolne: h
  • nazwa posp. lub nazwa geogr. na pocz.: Lazowie

550 ## - Trop zob. też - nazwa pospolita

  • podpole kontrolne: h
  • nazwa posp. lub nazwa geogr. na pocz.: Meschowie

550 ## - Trop zob. też - nazwa pospolita

  • podpole kontrolne: h
  • nazwa posp. lub nazwa geogr. na pocz.: Swanowie

551 ## - Trop zob. też - nazwa geograficzna

  • nazwa geograficzna: Gruzja

682 ## - Informacja o usuniętym haśle

  • tekst wyjaśniający: zmienione z:
  • zastąpione hasło: Gruzini za granicą
Biblioteka Instytutu Północnego, ul. Partyzantów 87, 10-402 Olsztyn, email: biblioteka(at)ip.olsztyn.pl